00555nam a22001817a 45000010005000000030004000050050017000090070003000260080041000290240014000700240020000840400008001041000027001122450069001392600087002084900036002958300042003316102OSt20170921101517.0tu161220s2001 fi ||||| |||||||||||eng d7 a61022RID7 a61022RSN (alt) cOSt1 aMarkiewicz, Malgorzata10aQuasi-fiscal operations of central banks in transition economies aHelsinki :bInstitute for Economies in Transition, Bank of Finland (BOFIT),c2001.1 aBOFIT Discussion Papersv2/2001 0tBOFIT Discussion Papersv2/2001w7888